<?xml version="1.0" encoding="UTF-8"?>
<marc:record xmlns:marc="http://www.loc.gov/MARC21/slim">
   <marc:leader>00000nam a2200000 a 4500</marc:leader>
   <marc:datafield ind1="1" ind2=" " tag="100">
      <marc:subfield code="a">Hague, Graeme</marc:subfield>
      <marc:subfield code="4">aut</marc:subfield>
      <marc:subfield code="e">Verfasser/-in</marc:subfield>
   </marc:datafield>
   <marc:datafield ind1="0" ind2="0" tag="245">
      <marc:subfield code="a">Tödliches Puzzle</marc:subfield>
   </marc:datafield>
   <marc:datafield ind1="0" ind2="0" tag="245">
      <marc:subfield code="c">Graeme Hague</marc:subfield>
   </marc:datafield>
   <marc:datafield ind1=" " ind2="1" tag="264">
      <marc:subfield code="a">Augsburg</marc:subfield>
      <marc:subfield code="b">Weltbild</marc:subfield>
      <marc:subfield code="c">2008</marc:subfield>
   </marc:datafield>
   <marc:datafield ind1="1" ind2=" " tag="490">
      <marc:subfield code="a">Weltbild-Taschenbuch</marc:subfield>
   </marc:datafield>
   <marc:datafield ind1=" " ind2=" " tag="250">
      <marc:subfield code="a">Orig.-Ausg., dt. Erstausg.</marc:subfield>
   </marc:datafield>
   <marc:datafield ind1="1" ind2=" " tag="520">
      <marc:subfield code="a">Angaben aus der Verlagsmeldung

Tödliches Puzzle / von Graeme Hague

Es beginnt an einem ganz normalen Morgen im Aufzug eines ganz normalen Bürogebäudes, als die Sekretärin Lena Hargreaves einen entsetzlichen Fund macht: Auf dem Boden liegt ein menschlicher Finger. Die Polizei glaubt an einen üblen Scherz, bis ein neuer Fund, wieder in einem Aufzug, zeigt, dass man es nicht mit einem Witzbold zu tun hat, sondern mit einem eiskalten Mörder. Und das war erst der Anfang...
</marc:subfield>
   </marc:datafield>
   <marc:datafield ind1=" " ind2=" " tag="020">
      <marc:subfield code="a">9783898978293</marc:subfield>
      <marc:subfield code="9">9783898978293</marc:subfield>
   </marc:datafield>
   <marc:datafield ind1=" " ind2=" " tag="041">
      <marc:subfield code="a">ger</marc:subfield>
   </marc:datafield>
   <marc:datafield ind1=" " ind2=" " tag="300">
      <marc:subfield code="a">398 S.</marc:subfield>
   </marc:datafield>
</marc:record>
